Biology : (Record no. 16056)
[ view plain ]
| 000 -LEADER | |
|---|---|
| fixed length control field | 00491cam a2200193 i 4500 |
| 020 ## - INTERNATIONAL STANDARD BOOK NUMBER | |
| ISBN | 9780073525549 |
| 020 ## - INTERNATIONAL STANDARD BOOK NUMBER | |
| ISBN | 0073525545 |
| 020 ## - INTERNATIONAL STANDARD BOOK NUMBER | |
| ISBN | 9781259095573 |
| 020 ## - INTERNATIONAL STANDARD BOOK NUMBER | |
| ISBN | 1259095576 |
| 040 ## - CATALOGING SOURCE | |
| Transcribing agency | DLC |
| 082 00 - DEWEY DECIMAL CLASSIFICATION NUMBER | |
| Classification number | 570 HOE 2009 A082 Or. |
| 100 1# - MAIN ENTRY--AUTHOR NAME | |
| Personal name | Hoefnagels, Marielle. |
| 245 10 - TITLE STATEMENT | |
| Title | Biology : |
| Remainder of title | concepts and investigations / |
| 250 ## - EDITION STATEMENT | |
| Edition statement | Third edition. |
| 300 ## - PHYSICAL DESCRIPTION | |
| Number of Pages | xxx, 826 pages : |
| Other physical details | color illustrations ; |
| Dimensions | 28 cm |
| 500 ## - GENERAL NOTE | |
| General note | Includes index. |
| 650 #0 - SUBJECT ADDED ENTRY--TOPICAL TERM | |
| Topical Term | Biology |
| 942 ## - ADDED ENTRY ELEMENTS (KOHA) | |
| Koha item type | សៀវភៅភាសាអង់គ្លេស |
| 952 ## - LOCATION AND ITEM INFORMATION (KOHA) | |
| Withdrawn status [LOCAL, KOHA] | 0 |
| Permanent Location | Date acquired | Koha item type | Lost status | Shelving location | Barcode | Current Location | Full call number |
|---|---|---|---|---|---|---|---|
| Library Block A | 2017-12-30 | សៀវភៅភាសាអង់គ្លេស | A082 | A13699 | Library Block A | 570 HOE 2009 A082 Or. |